Life in Shakespeare´s England
محفوظ في:
| المؤلف الرئيسي: | |
|---|---|
| التنسيق: | كتاب |
| اللغة: | Undetermined |
| منشور في: |
Londres, Inglaterra
A Pelican Book
1954
|
| الطبعة: | 4 |
| الموضوعات: | |
| الوسوم: |
إضافة وسم
لا توجد وسوم, كن أول من يضع وسما على هذه التسجيلة!
|
MARC
| LEADER | 00000nam a2200000Ia 4500 | ||
|---|---|---|---|
| 008 | 170316s9999 xx 000 0 und d | ||
| 040 | |a cru BVZT | ||
| 090 | |a A-820 D-3L | ||
| 100 | |a Dover Wilson, John | ||
| 245 | |a Life in Shakespeare´s England | ||
| 250 | |a 4 | ||
| 260 | |a Londres, Inglaterra | ||
| 260 | |b A Pelican Book | ||
| 260 | |c 1954 | ||
| 300 | |a 367 páginas | ||
| 650 | |a LITERATURA INGLESA | ||
| 999 | |c 12342 |d 12342 | ||
| 942 | |c 15 D |h A-820 D-3L |2 z | ||
